Statistics for Cliche Quotes Quiz #3

Click here to take the quiz!

General Stats

  • This quiz has been taken 49,678 times
    (49,653 since last reset)
  • The average score is 17 of 24

Answer Stats

Quote% Correct
It's no use crying over spilled {milk}
94%
Desperate times call for desperate {measures}
92%
Beggars can't be {choosers}
89%
Good things come to those who {wait}
89%
Fool me once, shame on you. Fool me twice, {shame} {on} {me}
88%
The bigger they are, the harder they {fall}
87%
Birds of a {feather} flock together
84%
April showers bring May {flowers}
82%
A {chain} is only as strong as its weakest link
80%
You have to break a few eggs to make an {omelette}
80%
{Revenge} is a dish best served cold
79%
Where there's {smoke}, there's fire
76%
{Money} is the root of all evil
74%
One bad {apple} spoils the bunch
69%
To the victor go the {spoils}
63%
Too many {cooks} spoil the broth
60%
You can't put the {toothpaste} back in the tube
57%
Feed a cold, starve a {fever}
53%
You'll catch more flies with honey than with {vinegar}
52%
The devil is in the {details}
51%
Necessity is the mother of {invention}
50%
Good fences make good {neighbors}
49%
{Many} {hands} make light work
42%
Fortune favors the {bold}
39%

Score Distribution

Percentile by Number Answered

Percent of People with Each Score

Your Score History

You have not taken this quiz since the last reset